000 00737nam a2200217Ii 4500
003 JO-AjNU
008 230605s9999||||xx |||||||||||||| ||und||
017 _a1981/4812
040 _aJO-AjNU
_bara
_erda
_cJO-AjNU
041 _aara
050 1 4 _aHQ503 .A4952 1981
100 3 _aتاليف: شكري، علياء,
_eauthor
_914185
245 0 0 _aالاتجاهات المعاصرة في دراسة الاسرة
264 3 1 _aد.م: د.ن، 1981
300 _a262ص
_bيحتوي ببلوغرافية من ص 257-262ص
336 _atext
_btxt
_2rdacontent
337 _aunmediated
_bn
_2rdamedia
338 _avolume
_bnc
_2rdacarrier
490 0 _aسلسلة علم الاجتماع المعاصر؛ 25
650 4 _aالاسرة
_914186
999 _aA3723
_c7291
_d7291